Recent developments in housing law (Record no. 23627)

MARC details
000 -LEADER
fixed length control field 00854cab a2200193 4500
001 - CONTROL NUMBER
control field ABS42349
008 - FIXED-LENGTH DATA ELEMENTS--GENERAL INFORMATION
fixed length control field 090401t1990 xxu||||| |||| 00| 0 eng d
035 ## - SYSTEM CONTROL NUMBER
System control number (Sirsi) u36313
041 ## - LANGUAGE CODE
Language code of text/sound track or separate title eng
100 ## - MAIN ENTRY--PERSONAL NAME
Personal name Luba, J.
245 ## - TITLE STATEMENT
Title Recent developments in housing law
260 ## - PUBLICATION, DISTRIBUTION, ETC.
Date of publication, distribution, etc. 1990
350 ## - PRICE (NR) (BK AM CF MU VM SE) [OBSOLETE]
Price 0
490 ## - SERIES STATEMENT
Series statement Legal Action
Volume/sequential designation March 1990, 11-16(6)
520 ## - SUMMARY, ETC.
Summary, etc. Reviews recent changes in housing legislation and case law including Local Government and Housing Act 1989 ; Local Government Finance Act 1988 covering rent , community charge and rateable values ; security of tenure ; rent arrears ; possession proceedings; racial harassment ; temporary accommodation ; defining homelessness ; repairs ; resident landlords ; rent registration ; mortgage repossession and quiet enjoyment .
690 ## - LOCAL SUBJECT ADDED ENTRY--TOPICAL TERM (OCLC, RLIN)
Topical term or geographic name as entry element HOUSING
942 ## - ADDED ENTRY ELEMENTS (KOHA)
Suppress in OPAC 0
948 ## - LOCAL PROCESSING INFORMATION (OCLC); SERIES PART DESIGNATOR (RLIN)
c (OCLC) 04/03/1997
Holdings
Withdrawn status Lost status Source of classification or shelving scheme Damaged status Not for loan Home library Current library Shelving location Date acquired Total Checkouts Full call number Barcode Date last seen Copy number Price effective from Koha item type
    Dewey Decimal Classification     London London Journal article 14/09/1999   ABS42349 36313-1001 06/08/2019 1 06/08/2019 Journal article